000 00737nam a22002297a 4500
005 20170124110236.0
010 _aA-861705
020 _c150.00
_a8176030384
035 _aA-861705
037 _bCen Lib/Ret
040 _aDPL
_bEN
082 _a433.8
_bPUR
100 _aPuri, G. K
_942051
245 _aEnglish vocabulary :
_cby G. K. Puri [and] Saroj Puri
_bfor all competitive examinations /
260 _aNew Delhi
_bIIMS Publications
_c1994
270 _a6/18, Jangpura Extension Near Masjid Road
_bNew Delhi
_e110014
300 _a180p.
_c28cm(pbk)
650 _aEnglish language--Self-instruction
_942052
650 _aVocabulary
_911022
700 _aPuri, Saroj
_942053
942 _2ddc
_cEN
_h433.8
_mPUR
999 _c134880
_d134880